| 000 | 00000nam##2200000za#4500 |
| 001 | 9.645776 |
| 003 | CaOODSP |
| 005 | 20230202144024 |
| 007 | ta |
| 008 | 150407|1995||||xxc||||| f|0| 0 eng|d |
| 020 | |a0-662-22953-3 |
| 040 | |aCaOODSP|beng |
| 043 | |an-cn--- |
| 086 | 1 |aH72-21/128-1995E |
| 110 | 2 |aNational Clearinghouse on Family Violence (Canada). |
| 245 | 10|aChild abuse: awareness information for people in the workplace : |ba guide for use by people interested in meeting together to discuss child abuse issues / |cby Flora MacLeod and Brenda Dafoe. |
| 260 | |aOttawa - Ontario : |bHealth Canada. |c1995. |
| 300 | |a34p. in various pagings. : |breferences ; |c28 cm. |
| 563 | |aSoftcover |
| 590 | |a95-17|b1995-04-28 |
| 690 | 07|aViolence against children|2gcpds |
| 720 | 1 |aMacLeod, Flora |
| 720 | 1 |aDafoe, Brenda |
| 775 | 08|tViolence à l'égard des enfants: sensibilisation du personnel en milieu de travail : |w(CaOODSP)9.679407 |
| 776 | 0#|tChild abuse : |w(CaOODSP)9.695672 |